AC/DC first lyrics - Statistics

General Stats
  • This quiz has been taken 74 times
  • The average score is 9 of 13
Answer Stats
Hint Answer % Correct
I was caught in the middle of a railroad track (thunder) Thunderstruck
100%
____ in _____, I hit the sack/I've been too long I'm glad to be back Back in Black
98%
Livin' easy/Lovin' free Highway to Hell
95%
See me ride out of the sunset/On your colour TV screen T.N.T
88%
She was a fast machine, she kept her motor clean/She was the best damn woman that I've ever seen You Shook Me All Night Long
82%
If you're having trouble with the high school head/He's giving you the blues Dirty Deeds Done Dirt Cheap
75%
Ridin' down the highway/Goin' to a show It's a Long Way to the Top (If You Wanna Rock 'N' Roll)
71%
The video game says play me/Face it on a level but it takes you every time on a one on one Who Made Who
63%
All you women who want a man of the street/But don't know which way you wanna turn Shoot to Thrill
59%
Well you ask me 'bout the clothes I wear/And you ask me why I grow my hair High Voltage
54%
There was a friend of mine on murder/And the judge's gavel fell Jailbreak
54%
He loves to drive em' crazy with his evil lips/Great guns are blazing, what a deadly trip Demon Fire
36%
You put your foot to the floor/Don't need no more War Machine
27%
No matching quizzes found
Score Distribution
Percent of People with Each Score
Percentile by Number Answered
Your Score History
You have not taken this quiz